[Event "Titled Tuesday intern op 17th May Early"]
[Site "Chess.com INT"]
[Date "2022.05.17"]
[Round "1"]
[White "Keymer, Vincent"]
[Black "Sirosh, Ilja"]
[Result "1-0"]
[WhiteElo "2667"]
[BlackElo "2402"]
[PlyCount "53"]
[EventDate "2022.05.17"]
[EventType "swiss (blitz)"]
[EventRounds "11"]
[EventCountry "USA"]
[SourceTitle "CBM 208 Extra"]
[Source "ChessBase"]
[SourceDate "2022.07.31"]
[SourceVersion "1"]
[SourceVersionDate "2022.07.31"]
[SourceQuality "1"]

1. Nf3 d5 2. e3 Nf6 3. c4 e6 4. Nc3 c5 5. cxd5 exd5 6. d4 Nc6 7. Bb5 cxd4 8. Nxd4 Bd7 9. 0-0 Bd6 10. Nf3 Be6 11. b3 0-0 12. Bb2 Qe7 13. h3 Rfd8 14. Rc1 Rac8 15. Bd3 Bb8 16. Ne2 Ne4 17. Re1 a6 18. Nf4 Nb4 19. Rxc8 Bxc8 20. Bb1 Be6 21. Qd4 f6 22. Nxe6 Nc6 23. Qb6 Qxe6 24. Qxb7 Ne7 25. Rd1 Be5 26. Bxe5 fxe5 27. Bxe4 1-0

[Event "Titled Tuesday intern op 17th May Early"]
[Site "Chess.com INT"]
[Date "2022.05.17"]
[Round "2"]
[White "Sirosh, Ilja"]
[Black "Manon, Reja Neer"]
[Result "1-0"]
[WhiteElo "2402"]
[BlackElo "2185"]
[PlyCount "47"]
[EventDate "2022.05.17"]
[EventType "swiss (blitz)"]
[EventRounds "11"]
[EventCountry "USA"]
[SourceTitle "CBM 208 Extra"]
[Source "ChessBase"]
[SourceDate "2022.07.31"]
[SourceVersion "1"]
[SourceVersionDate "2022.07.31"]
[SourceQuality "1"]

1. e4 c6 2. d4 d5 3. e5 Bf5 4. Bd3 Bxd3 5. Qxd3 e6 6. Ne2 Nd7 7. 0-0 Ne7 8. c3 Qc7 9. Na3 a6 10. Nc2 c5 11. Bd2 Nc6 12. Qg3 cxd4 13. cxd4 h5 14. h4 Qb6 15. Rab1 0-0-0 16. b4 Na7 17. a4 Qc6 18. b5 axb5 19. axb5 Nxb5 20. Rfc1 Kb8 21. Qb3 Nc7 22. Nb4 Qb5 23. Qc3 Nb6 24. Qxc7+ 1-0

[Event "Titled Tuesday intern op 03rd May Early"]
[Site "Chess.com INT"]
[Date "2022.05.03"]
[Round "3"]
[White "Sirosh, Ilja"]
[Black "Matinian, Nikita"]
[Result "0-1"]
[WhiteElo "2402"]
[BlackElo "2435"]
[PlyCount "54"]
[EventDate "2022.05.03"]
[EventType "swiss (blitz)"]
[EventRounds "11"]
[EventCountry "USA"]
[SourceTitle "CBM 208 Extra"]
[Source "ChessBase"]
[SourceDate "2022.07.31"]
[SourceVersion "1"]
[SourceVersionDate "2022.07.31"]
[SourceQuality "1"]

1. e4 c5 2. Nf3 d6 3. d4 cxd4 4. Nxd4 Nf6 5. Nc3 g6 6. Be3 Bg7 7. f3 0-0 8. Qd2 Nc6 9. 0-0-0 d5 10. Nxc6 bxc6 11. Bh6 Qa5 12. Bxg7 Kxg7 13. e5 Nd7 14. h4 Rb8 15. h5 Qb4 16. b3 Nxe5 17. Kb2 Bf5 18. hxg6 Bxg6 19. Qh6+ Kg8 20. Rh4 Qc5 21. f4 Qf2 22. Rc1 Nc4+ 23. Bxc4 dxc4 24. g4 cxb3 25. axb3 Rxb3+ 26. Kxb3 Rb8+ 27. Kc4 c5 0-1

[Event "Titled Tuesday intern op 26th Apr Early"]
[Site "Chess.com INT"]
[Date "2022.04.26"]
[Round "7"]
[White "Sirosh, Ilja"]
[Black "Sarkar, Justin"]
[Result "1-0"]
[WhiteElo "2402"]
[BlackElo "2314"]
[PlyCount "79"]
[EventDate "2022.04.26"]
[EventType "swiss (blitz)"]
[EventRounds "11"]
[EventCountry "USA"]
[SourceTitle "CBM 208 Extra"]
[Source "ChessBase"]
[SourceDate "2022.07.31"]
[SourceVersion "1"]
[SourceVersionDate "2022.07.31"]
[SourceQuality "1"]

1. e4 c5 2. Nf3 d6 3. d4 cxd4 4. Nxd4 Nf6 5. Nc3 a6 6. Bc4 b5 7. Bd5 Nxd5 8. exd5 Bb7 9. 0-0 b4 10. Ne4 Bxd5 11. Re1 e6 12. Nf5 Bxe4 13. Rxe4 d5 14. Bg5 Qd7 15. Re2 Nc6 16. Qd3 f6 17. Bh4 Kf7 18. Nd4 Nxd4 19. Qxd4 Rc8 20. Rae1 e5 21. Qb6 Qc6 22. Qe3 Bc5 23. Qh3 Rc7 24. Qf5 Qe6 25. Qh5+ g6 26. Qh6 Qf5 27. Qd2 Rd8 28. h3 Rdd7 29. g4 Qf4 30. Qd3 e4 31. Qxa6 Qf3 32. Re3 Bxe3 33. Rxe3 Qf4 34. Bg3 Qg5 35. Bxc7 Rxc7 36. Qd6 Rxc2 37. Qd7+ Kg8 38. Qe6+ Kg7 39. Qe7+ Kh6 40. Qf8# 1-0

[Event "Titled Tuesday intern op 26th Apr Early"]
[Site "Chess.com INT"]
[Date "2022.04.26"]
[Round "10"]
[White "Sirosh, Ilja"]
[Black "Todorovic, Bojan"]
[Result "1/2-1/2"]
[WhiteElo "2402"]
[BlackElo "2222"]
[PlyCount "126"]
[EventDate "2022.04.26"]
[EventType "swiss (blitz)"]
[EventRounds "11"]
[EventCountry "USA"]
[SourceTitle "CBM 208 Extra"]
[Source "ChessBase"]
[SourceDate "2022.07.31"]
[SourceVersion "1"]
[SourceVersionDate "2022.07.31"]
[SourceQuality "1"]

1. e4 e5 2. Nf3 Nc6 3. Bc4 Bc5 4. c3 Nf6 5. d4 exd4 6. cxd4 Bb4+ 7. Nc3 Nxe4 8. 0-0 Bxc3 9. d5 Bf6 10. Re1 Ne7 11. Rxe4 d6 12. Bg5 Bxg5 13. Nxg5 0-0 14. Nxh7 Kxh7 15. Qh5+ Kg8 16. Rh4 f6 17. Qh7+ Kf7 18. Bd3 Rg8 19. Re1 Bd7 20. Qh5+ g6 21. Qf3 Nf5 22. Rh7+ Rg7 23. Rxg7+ Kxg7 24. g4 Nh6 25. Qe4 f5 26. Qe7+ Nf7 27. gxf5 Bxf5 28. Bxf5 gxf5 29. Kg2 Qxe7 30. Rxe7 Rc8 31. f4 Kf6 32. Re6+ Kg7 33. h4 c6 34. Re7 cxd5 35. Rxb7 Rc2+ 36. Kf3 Kf6 37. h5 Nh6 38. Rxa7 Rxb2 39. Rd7 Ke6 40. Rh7 Ng4 41. h6 Rxa2 42. Rh8 Rh2 43. h7 Kd7 44. Ra8 Rh3+ 45. Kg2 Rh2+ 46. Kg3 Rxh7 47. Ra7+ Kc6 48. Rxh7 d4 49. Kf3 Kd5 50. Re7 d3 51. Rf7 Kd4 52. Rxf5 Nh2+ 53. Kf2 Ke4 54. Rf8 Ng4+ 55. Ke1 Ke3 56. Re8+ Kxf4 57. Kd2 Ne5 58. Rh8 Ke4 59. Rh4+ Kd5 60. Rh5 Kc5 61. Rh4 Kd5 62. Rh5 Kc5 63. Rh4 Kd5 1/2-1/2

[Event "Titled Tuesday intern op 26th Apr Early"]
[Site "Chess.com INT"]
[Date "2022.04.26"]
[Round "3"]
[White "Sirosh, Ilja"]
[Black "Topalov, Aleksandar"]
[Result "1/2-1/2"]
[WhiteElo "2402"]
[BlackElo "2239"]
[PlyCount "109"]
[EventDate "2022.04.26"]
[EventType "swiss (blitz)"]
[EventRounds "11"]
[EventCountry "USA"]
[SourceTitle "CBM 208 Extra"]
[Source "ChessBase"]
[SourceDate "2022.07.31"]
[SourceVersion "1"]
[SourceVersionDate "2022.07.31"]
[SourceQuality "1"]

1. Nf3 Nf6 2. c4 g6 3. Nc3 Bg7 4. g3 0-0 5. Bg2 d6 6. 0-0 e5 7. Rb1 a5 8. a3 Nc6 9. d3 h6 10. b4 axb4 11. axb4 Ne7 12. b5 Be6 13. Nd2 c6 14. bxc6 bxc6 15. Bb2 d5 16. cxd5 cxd5 17. Nb5 Ne8 18. Ba3 Nc7 19. Nxc7 Qxc7 20. Bxe7 Qxe7 21. Qb3 Rfd8 22. Rfc1 h5 23. h4 e4 24. Nf1 Ra3 25. Qd1 exd3 26. exd3 Bf5 27. Rb3 Bd4 28. Rxa3 Qxa3 29. Ne3 Bxe3 30. fxe3 Qxd3 31. Qxd3 Bxd3 32. Rd1 Bc4 33. Rd4 Re8 34. e4 Bb3 35. exd5 Rd8 36. Kf2 Kf8 37. d6 Be6 38. Ke3 Rb8 39. Kf4 Ke8 40. Bc6+ Kd8 41. Kg5 Rb6 42. Be4 Kd7 43. Kf6 Rxd6 44. Rxd6+ Kxd6 45. Bf3 Bc4 46. Be4 Bb3 47. Bd3 Bd5 48. Bb1 Bc4 49. Bc2 Kc5 50. Bd1 Kd4 51. g4 hxg4 52. Bxg4 Ke3 53. h5 gxh5 54. Bxh5 Kf4 55. Bxf7 1/2-1/2

[Event "Titled Tuesday intern op 26th Apr Early"]
[Site "Chess.com INT"]
[Date "2022.04.26"]
[Round "5"]
[White "Vagman, Roy"]
[Black "Sirosh, Ilja"]
[Result "1-0"]
[WhiteElo "2278"]
[BlackElo "2402"]
[PlyCount "133"]
[EventDate "2022.04.26"]
[EventType "swiss (blitz)"]
[EventRounds "11"]
[EventCountry "USA"]
[SourceTitle "CBM 208 Extra"]
[Source "ChessBase"]
[SourceDate "2022.07.31"]
[SourceVersion "1"]
[SourceVersionDate "2022.07.31"]
[SourceQuality "1"]

1. d4 d5 2. c4 e6 3. Nc3 c5 4. cxd5 exd5 5. Nf3 Nf6 6. e3 Nc6 7. Bb5 cxd4 8. Nxd4 Bd7 9. Nxc6 bxc6 10. Bd3 Bd6 11. 0-0 0-0 12. h3 Qe7 13. Ne2 Ne4 14. Nf4 Qe5 15. Qf3 g5 16. Bxe4 dxe4 17. Qg3 Kh8 18. Ne2 Qf6 19. f4 gxf4 20. Nxf4 Rg8 21. Qf2 Bxf4 22. Qxf4 Qxf4 23. Rxf4 Bxh3 24. Rf2 Be6 25. Bd2 Rg3 26. Bc3+ Kg8 27. Kh2 Rxe3 28. Rd1 Rd3 29. Re1 f5 30. g4 e3 31. Rf3 fxg4 32. Rfxe3 Rxe3 33. Rxe3 Re8 34. Kg3 h5 35. Re5 Bf7 36. Rg5+ Kf8 37. Bb4+ Re7 38. Bxe7+ Kxe7 39. Ra5 Kf6 40. Kf4 Bd5 41. Rxa7 Be6 42. Ra6 Bd7 43. a4 h4 44. Ra7 Be6 45. Rh7 h3 46. Rh6+ Ke7 47. b4 Kd7 48. a5 Bd5 49. Kxg4 Bg2 50. Kg3 Kc7 51. Rh7+ Kb8 52. Rh8+ Kb7 53. Rh6 Ka6 54. Kf4 Kb5 55. Ke5 Kxb4 56. a6 c5 57. a7 c4 58. Kd4 c3 59. Rb6+ Ka5 60. Rb8 h2 61. a8Q+ Bxa8 62. Rxa8+ Kb4 63. Ra1 c2 64. Rc1 Kb3 65. Kd3 h1Q 66. Rxh1 Kb2 67. Rh2 1-0

[Event "Titled Tuesday intern op 26th Apr Early"]
[Site "Chess.com INT"]
[Date "2022.04.26"]
[Round "1"]
[White "Van den Dikkenberg, Erik"]
[Black "Sirosh, Ilja"]
[Result "0-1"]
[WhiteElo "2148"]
[BlackElo "2402"]
[PlyCount "70"]
[EventDate "2022.04.26"]
[EventType "swiss (blitz)"]
[EventRounds "11"]
[EventCountry "USA"]
[SourceTitle "CBM 208 Extra"]
[Source "ChessBase"]
[SourceDate "2022.07.31"]
[SourceVersion "1"]
[SourceVersionDate "2022.07.31"]
[SourceQuality "1"]

1. e4 c5 2. Nc3 d6 3. f4 g6 4. Nf3 Bg7 5. Bb5+ Bd7 6. Bc4 Nc6 7. 0-0 e6 8. Qe1 Nge7 9. d3 0-0 10. Kh1 Nd4 11. Nxd4 cxd4 12. Ne2 d5 13. Bb3 a5 14. a4 dxe4 15. dxe4 Bc6 16. Ng3 b5 17. f5 exf5 18. exf5 Nd5 19. fxg6 hxg6 20. Qf2 bxa4 21. Bxa4 Bxa4 22. Rxa4 Qd7 23. Rxd4 Bxd4 24. Qxd4 Rfd8 25. Bh6 f5 26. c4 Nb4 27. Qf6 Qf7 28. Qg5 Nd3 29. h4 Kh7 30. h5 Ra6 31. Nxf5 gxf5 32. Rxf5 Qg8 33. Qe3 Rxh6 34. Qe7+ Kh8 35. Rg5 Qf8 0-1